000 01017nam a2200229Ia 4500
001 L301-28791
003 IT-CnALBA
008 170116s9999||||xx |||||||||||||| ||und||
040 _aIT-CnALBA
_cIT-CnALBA
041 _aITALIANO
100 _aABBAGNANO NICOLA
245 0 _aLA SAGGEZZA DELLA VITA.
250 _a1a ed.
260 _aMILANO
_bRUSCONI, EDITORE
_c1985 [1° Ed.:1985 - Ed.Ling.Originale: 1985]
300 _a295 p.
500 _aRICERCA DELLA SAGGEZZA. CORAGGIO DELLA LIBERTÀ. IL PESSIMISMO. SCHIAVITÙ. LO SPORT. AMORE E MATRIMONIO. RAPPORTI UMANI. FATTI E COMMENTI. IL CONCORDATO TRA ITALIA E VATICANO.
501 _aSocietà San Paolo EM - Piazza San Paolo, 14 - 12051 ALBA (CN) (non commercial uses only) ® Copyright 2017
520 _aRICERCA DELLA SAGGEZZA. CORAGGIO DELLA LIBERTÀ. IL PESSIMISMO. SCHIAVITÙ. LO SPORT. AMORE E MATRIMONIO. RAPPORTI UMANI. FATTI E COMMENTI. IL CONCORDATO TRA ITALIA E VATICANO.
650 _aSCIENZE SOCIALI
942 _cBK
957 _71
999 _a33560
_bNO
_g Copie: 1
_c287734
_d287734